000 00591nam a2200181Ia 4500
008 100917s9999 xx 000 0 und d
082 _b41934
100 _aमंगळवेढेकर राजा
245 _aलोकनायक जयप्रकाश
260 _bअनिरूध्द साहित्य
_c1977
300 _a123
365 _b7
520 _aबालविभाग
630 _aलोकनायक जयप्रकाश
650 _aबालविभाग
730 _aलोकनायक जयप्रकाश
942 _cBOOK
999 _c647328
_d647325